Plant families and their charasteristics - Statistics

General Stats
  • This quiz has been taken 11 times
  • The average score is 12 of 18
Answer Stats
Charasteristic Answer % Correct
Flowers in the form of an umbel Leaves alternating Aromatic Apiaceae
100%
Flowers in capitula Ligulate or/and tubular Asteraceae
100%
4 sepals and 4 petals as a cross Brassicaceae
100%
5 petals 1 large upper, 2 adjacent Fabaceae
100%
Rush Stem solid Round Juncaceae
100%
Stem usually squareLeaves compound and opposite Lamiaceae
100%
Grass Nodes at stem Ligule at edge of blade Stem hollow Poaceae
100%
Leaves alternating. Sepals and petals 5 with bijkelk Stipule Rosaceae
100%
Leaves opposite simple Flowers bisexual Inflorence forked in dichasial cyme Caryophyllaceae
50%
Triangular stem Stem solid Cyperaceae
50%
Ovules elongated into long beak Geraniaceae
50%
Brownish spike like inflorence Simple leaves Plantago
50%
Ochrea No distinguishing between petals and sepals Small flowers in trossen Polygonaceae
50%
Leaves alternating and compound Calix> 3 usually 5 Ranuncullaceae
50%
Simple leaves without stipules Stamens outside corolla form a v-shape Veronica
50%
Lowest petal with spur Violaceae
50%
Hairy leaves Leaves alternate Inflorescence in coiling shape Boraginaceae
0%
Leaves in whirls (kransen)No sepals Rubiaceae
0%
No matching quizzes found
Score Distribution
Percent of People with Each Score
Percentile by Number Answered
Your Score History
You have not taken this quiz